Responses for Show #4807 - Tuesday, June 28, 2005

Contestants

[<< previous game]

Ben Kesling, a student from Lexington, Kentucky

Pam Maine, a mutual fund accountant from Boston, Massachusetts

Sarah Johnson, a law clerk originally from Newport News, Virginia (whose 1-day cash winnings total $8,801)

[next game >>]

Jeopardy! Round responses

HISTORICAL PAINTINGS
THE LADIES OF ROCK
IN THE PANTRY
THE GOOD BOOK SAYS...
(Alex: ...and, in this case, it's the King James version.)
WHAT'S IN A NAME
"X" RATED
    $200 1
the Mayflower

Sarah
    $200 6
Kelly Clarkson

Sarah
    $200 26
lemonade

Ben
    $200 11
the flesh is weak

Ben
    $200 21
Linda

Pam
    $200 16
Xena: Warrior Princess

Pam
    $400 2
Harriet Tubman

Ben
    $400 7
Courtney Love

Pam
    $400 27
pinto

Pam
    $400 12
Samson

Pam
    $400 22
Felix

Ben
    $400 17
Xavier

Ben
    $600 3
Joan of Arc

Sarah
    $600 8
Mariah Carey

Sarah
    $600 28
basil

Triple Stumper
    $600 13
myrrh

Ben
    $600 23
(Sarah: What is Tony?)

Kirk

SarahPam
    $600 18
The X-Files

Sarah
    $800 4
Napoleon

Sarah
    $800 9
Sheryl Crow

Pam
    $3,000 29
linguine

Pam
    $800 14
prophets

Sarah
    $800 24
Jacob

Pam
    $800 19
a xenophile

Sarah
    $1000 5
Nicholas & Alexandra

Ben
    $1000 10
Jennifer Lopez

Sarah
    $1000 30
bouillon

Pam
    $1000 15
Judas

Ben
    $1000 25
Heather

Ben
    $1000 20
xenon

Ben

Scores at the first commercial break (after clue 15):

Sarah Pam Ben
$4,200 $1,600 $3,200

Scores at the end of the Jeopardy! Round:

Sarah Pam Ben
$5,000 $7,800 $6,200

Double Jeopardy! Round responses

WORLD WAR II
TAM O'SHATNER
AMERICAN TOWNS & CITIES
"G.G."
ROBERT BURNS
2 PARTS OF SPEECH
(Alex: I will give you a word, and you have to give me the two parts of speech that word might be used as. For example, if I said "flirt", that would be a noun and a verb. All right?)
    $400 8
Mengele

Pam
    $400 12
Grauman's Chinese Theater

Sarah
    $400 1
Golden, Colorado

Triple Stumper
    $400 26
the Galloping Ghost

Triple Stumper
    $400 6
(Ben: What is "Auld Lang Sye"?)

"Auld Lang Syne"

Ben
Triple Stumper
    $400 21
a verb & an adjective

Sarah
    $800 17
Messerschmitt

Ben
    $800 13
Boston Legal

Pam
    $3,000 2
(Sarah: What is Santa Fe?)

Albuquerque

Sarah
    $800 27
(Sarah: What is Gallup?)
...
(Alex: Remember, the category is "G.G.")
(Sarah: Oh!)
(Alex: Gotta get 'em both in.)

George Gallup

SarahPam
    $800 7
a farmer

Ben
    $800 22
a noun & an adjective

Sarah
    $1200 18
(Sarah: What is Guadalcanal?)
(Pam: What is Iwo Jima?)
...
(Alex: [*], back on the home front.)

Okinawa

SarahPamBen
    $1200 14
Dr. Kildare

Triple Stumper
    $1200 3
(Ben: What is Sacramento?)

Carson City

Ben
Triple Stumper
    $1200 28
Graham Greene

Ben
    $1200 9
"To a Mouse"

Triple Stumper
    $1200 23
a noun & a verb

Sarah
    $1600 19
(Pam: What is Versailles?)

Reims

Pam
Triple Stumper
    $1600 15
Judgment at Nuremberg

Pam
    $1600 4
Fresno

Pam
    $1600 29
Germaine Greer

Sarah
    $1600 10
(Pam: What are birds?)

dances (or tunes)

Pam
Triple Stumper
    $1600 24
a verb & an adjective

Sarah
    $2000 20
Leyte (Gulf)

Ben
    $2000 16
The Brothers Karamazov

Ben
    $2000 5
(Sarah: What is Helena?)

Bozeman

Sarah
Triple Stumper
    $2000 30
(Alex: I bet you know his last name, but not his first name. [*].)

Giuseppe Garibaldi

Triple Stumper
    $2000 11
(Alex: And that would be [*]. [*], not TAM O'SHATNER.)

"Tam O'Shanter"

Triple Stumper
    $1,800 25
(Sarah: What is [*] and...)
(Alex: Say something!)
(Sarah: [*]?)
(Alex: Yes. I felt like your dentist pulling it out of you. Come on, come on. Come on, come on, come on.)

an adjective & an adverb

Sarah

Scores at the end of the Double Jeopardy! Round:

Sarah Pam Ben
$5,800 $8,600 $12,600

[wagering suggestions for these scores]

Final Jeopardy! Round responses

20th CENTURY AUTHORS
(Alex: I don't recall Francis being a 20th century author.)
...
(Alex: Now we go on to Ben Kesling. He had $12,600, and he wrote down... "Who is Kevin"--is that Kevin Spacey?)
(Ben: Ellen.)
(Alex: Ellen Spacey. Oh, you were thinking of Kevin Spacey as--no. We're talking about [*]. 1956, Invasion of the Body Snatchers starred Kevin McCarthy, her brother.)
SarahWho is Francis Bacon?
$5,800
PamWho is ?
$8,000
BenWho is Ellen Spacey?
$5,000
Mary McCarthy

Final scores:

Sarah Pam Ben
$0 $600 $7,600
3rd place: $1,000 2nd place: $2,000 New champion: $7,600

Game dynamics:

Coryat scores:

Sarah Pam Ben
$9,000 $6,400 $12,600
16 R
(including 1 DD),
5 W
(including 1 DD)
15 R
(including 1 DD),
3 W
16 R,
2 W

Combined Coryat: $28,000

[game clues] [game scores] [suggest correction]

Game tape date: 2004-12-10
The J! Archive is created by fans, for fans. Scraping, republication, monetization, and malicious use prohibited; this site may use cookies and collect identifying information. See terms. The Jeopardy! game show and all elements thereof, including but not limited to copyright and trademark thereto, are the property of Jeopardy Productions, Inc. and are protected under law. This website is not affiliated with, sponsored by, or operated by Jeopardy Productions, Inc. Join the discussion at JBoard.tv.